Les Anges dans Evangelion - Statistiques

Statistiques générales
  • Ce quiz a été pris 57 fois
  • Le résultat moyen est 6 sur 17
Statistiques - réponses
Hint Réponse % Correct
Premier Ange découvert Adam
83%
Crucifié dans le Terminal Dogma Lilith
83%
A la forme d'un octaèdre Ramiel
68%
Prends forme humaine Tabris
66%
Premier Ange que combat Shinji Sachiel
39%
Est battu par Asuka et Shinji simultanément Israfel
27%
Atteint le Geofront et enrage l'Eva-01 Zeruel
27%
Dans le coeur d'un volcan Sandalphon
24%
Fait des attaque psychique Arael
22%
Ressemble à un serpent lumineux Armisael
22%
Seul Ange à attaquer dans l'océan Gaghiel
20%
Son vrai corps est son ombre Leliel
20%
Ressemble à une araignée Matarael
20%
Prends possession d'une Eva Bardiel
17%
Attaque depuis l'espace Sahaqiel
17%
Second Ange que combat Shinji Shamshel
17%
Attaque informatiquement la NERV Iroël
10%
Aucun quiz correspondant
Distribution des résultats
% des personnes avec chaque résultat
Percentile par nombre de réponses
Votre historique - résultats
Vous n’avez pas pris ce quiz